| Tag |
First Indicator |
Second Indicator |
Subfields |
| LEADER |
00000cam a2200000 4500 |
| 001 |
in00000011614 |
| 005 |
20151007051647.0 |
| 008 |
700506s1969 riua c 00010 eng |
| 010 |
|
|
|a 71100013
|
| 035 |
|
|
|a (OCoLC)00069029
|
| 035 |
|
|
|9 AAA4155AM
|
| 040 |
|
|
|a DLC
|c DLC
|d m.c.
|d TXA
|d UtOrBLW
|
| 049 |
|
|
|a TXAM
|c [A12641144]
|
| 050 |
0 |
0 |
|a N5020
|b .P77
|
| 082 |
0 |
|
|a 707.4
|
| 110 |
2 |
|
|a Rhode Island School of Design.
|b Museum of Art.
|
| 245 |
1 |
0 |
|a Raid the icebox 1 with Andy Warhol :
|b an exhibition selected from the vaults of the Museum of Art, Rhode Island School of Design /
|c [Catalogue by Stephen E. Ostrow].
|
| 264 |
|
1 |
|a Providence, R.I. :
|b Museum of Art, Rhode Island School of Design,
|c [1969]
|
| 264 |
|
4 |
|c ©1969
|
| 300 |
|
|
|a 103 pages :
|b illustrations (some color) ;
|c 23 cm.
|
| 336 |
|
|
|a text
|b txt
|2 rdacontent
|
| 337 |
|
|
|a unmediated
|b n
|2 rdamedia
|
| 338 |
|
|
|a volume
|b nc
|2 rdacarrier
|
| 500 |
|
|
|a Catalog of the exhibition held Oct. 29, 1969-Jan. 4, 1970, at the Institute for the Arts, Rice University, Houston; Jan. 17-Feb. 15, 1970, at the Isaac Delgado Museum, New Orleans; and Apr. 23-June 30, 1970, at the Museum of Art, Rhode Island School of Design, Providence.
|
| 650 |
|
0 |
|a Art
|v Exhibitions.
|
| 700 |
1 |
|
|a Warhol, Andy,
|d 1928-1987.
|
| 700 |
1 |
|
|a Ostrow, Stephen E.
|
| 710 |
2 |
|
|a Rice University.
|b Institute for the Arts.
|
| 710 |
2 |
|
|a Isaac Delgado Museum of Art.
|
| 999 |
|
|
|a MARS
|
| 999 |
f |
f |
|s 5dfe55ea-440c-3d9e-9b32-900afccefc68
|i 4e48a774-e2a8-37fa-bc43-b392ee42070f
|t 0
|
| 952 |
f |
f |
|p ric
|a Texas A&M University
|b Rellis Campus
|c Joint Library Facility
|d Remote Storage
|t 0
|e N5020 .P77
|h Library of Congress classification
|i unmediated -- volume
|m A14812641144
|
| 998 |
f |
f |
|a N5020 .P77
|t 0
|l Remote Storage
|